000
00303nam a2200121Ia 4500
008
241015s9999 xx 000 0 und d
041
_a
eng
082
_a
370.72 COS
100
_a
Patrick Costello
245
_a
Effective Action Research
260
_b
Continuum
_a
New York
_c
2011
300
_a
132;. P. 22 cm
999
_c
41672
_d
41672